Évènements par Départements français #1 - Statistiques

Statistiques générales
  • Ce quiz a été pris 5 985 fois
  • Le résultat moyen est 8 sur 16
Statistiques - réponses
Question Réponse % Correct
1979 : Le lancement de la première fusée Ariane a lieu Guyane
87%
1940 : La Grotte de Lascaux est découverte par quatre adolescents Dordogne
83%
Entre 496 et 508 : Clovis est baptisé par l'évêque Remi Marne
70%
1870 : Napoléon III est fait prisonnier par la Prusse Ardennes
69%
1895 : Le premier film des frères Lumière est tourné Rhône
61%
1610 : Henri IV est assassiné Paris
59%
Fin du IIe siècle av. J.-C. : La ville de Narbo Martius, première capitale des Gaules, est fondée par les Romains Aude
49%
- 52 av. J.-C. : L'armée de Vercingétorix est vaincue par celle de Jules César à Alésia Côte-d'Or
46%
1924 : Les premiers Jeux Olympiques d'Hiver ont lieu Haute-Savoie
46%
1792 : Rouget de Lisle compose "La Marseillaise" Bas-Rhin
41%
1415 : La bataille d'Azincourt se conclut par la victoire des armées anglaises d'Henri V Pas-de-Calais
39%
1944 : La Pointe du Hoc est prise d'assaut par les Rangers américains Calvados
37%
1412 : Jeanne d'Arc naît Vosges
37%
1826 : Nicéphore Niépce réalise les premières photographies de l'Histoire Saône-et-Loire
30%
1793 : La prise de Machecoul marque le début officiel des guerres de Vendée Loire-Atlantique
29%
1894 : Sadi Carnot est assassiné Rhône
25%
Aucun quiz correspondant
Distribution des résultats
% des personnes avec chaque résultat
Percentile par nombre de réponses
Votre historique - résultats
Vous n’avez pas pris ce quiz